4-Letter TV Show Images Quiz Stats

 Plays Quiz Updated Feb 20, 2019

Support Sporcle.
Go Orange.
Score 0/25 Timer 06:00
6 Plays Today
% Correct
Monk
86%
Joey
81.5%
Reba
78.6%
NCIS
78.3%
LOST
75%
Glee
71.7%
Doug
68.7%
M*A*S*H
66%
Taxi
56%
X-Men
54.4%
Fame
41.3%
COPS
41%
Soap
32.8%
% Correct
Amen
26.8%
I Spy
26.2%
Boss
25.1%
Zoom
22.6%
Rome
18.3%
Go On
17.9%
SCTV
17.3%
Hung
16%
Enos
15.7%
S.W.A.T.
14.6%
Dirt
13.1%
Life
9.5%

From the Vault

Who Eliminated Me? II

by Charuas

Sports 10m
Don't look at us. We didn't eliminate anyone.
Remove Ads.
Support Sporcle.
Get the best of Sporcle when you Go Orange. This ad-free experience offers more features, more stats, and more fun while also helping to support Sporcle. Thank you for becoming a member.

Show Comments

Extras

Top Quizzes Today


Score Distribution

Your Account Isn't Verified!

In order to create a playlist on Sporcle, you need to verify the email address you used during registration. Go to your Sporcle Settings to finish the process.

Report this User

Report this user for behavior that violates our Community Guidelines.

Details: